000 00858nam a2200241 a 4500
001 000039448
005 20201002031645.0
008 130628s1952 mx a 000 0 spa d
020 _a9681615948
040 _aDO-SdBNP
_bspa
_cBNPHU
082 _axxx
100 1 _aDarío, Rubén,
_d1867-1916
_915535
245 1 0 _aPoesía :
_bLibros poeticos completos y antología de la obra dispersa /
_cRubén Darío ; estudio preliminar Enrique Anderson Imbert ; edición Ernesto Mejía Sánchez.
246 1 4 _aPoesías completas
260 _aMéxico :
_bFondo de Cultura Economica,
_c1952.
300 _a510 p. :
_bil. ;
_c22 cm.
490 1 _aLiteratura moderna
490 1 _aVida y ficción
700 1 _aAnderson Imbert, Enrique
_948453
700 1 _aMejía Sánchez, Ernesto
_921268
830 0 _aLiteratura moderna
_913337
830 0 _aVida y ficción
_917813
999 _c38938
_d38938